|
|
|
|
| LEADER |
00000nam a22000007a 4500 |
| 005 |
20181029234912.0 |
| 007 |
cr|||| |||| |
| 008 |
181029s2017 co |||||s|||| 00||0 spa d |
| 020 |
|
|
|a 978-958-8934-68-6
|
| 035 |
|
|
|a 22074
|
| 040 |
|
|
|a vLex
|
| 090 |
|
|
|c 8214
|d 8214
|
| 100 |
1 |
|
|a Ramr̕ez Huertas, Gilberto
|
| 245 |
1 |
3 |
|a Los derechos humanos a debate
|h [Recurso electrn̤ico] :
|b Perspectivas desde el derecho internacional /
|c Gilberto Ramr̕ez Huertas
|
| 256 |
|
|
|a Servicio en ln̕ea
|
| 260 |
|
|
|a Bogot:̀
|b Universidad Catl̤ica de Colombia,
|c 2017
|
| 300 |
|
|
|a 1 recurso electrn̤ico
|
| 506 |
1 |
|
|a Disponible solo en los productos indicados
|d vLex Global
|d vLex Global (Academic Edition, excluding Law Schools)
|d vLex Global (U.S. Academic Edition, Law Schools)
|d vLex Global (U.S. Academic Edition, excluding Law Schools)
|d vLex Global (Academic Edition, Law Schools)
|
| 650 |
0 |
4 |
|a Derecho Internacional
|z Colombia
|
| 650 |
0 |
4 |
|a Derecho Constitucional
|z Colombia
|
| 740 |
0 |
|
|a vLex Libros (Servicio en ln̕ea)
|
| 856 |
4 |
0 |
|u http://vlex.com/source/derechos-humanos-debate-perspectivas-derecho-internacional-22074
|z Acceso restringido
|
| 942 |
|
|
|c BOOK
|
| 999 |
0 |
|
|a International Law
|
| 999 |
0 |
|
|a Constitutional Law
|